| 000 | 00549nam a22001937i 4500 | ||
|---|---|---|---|
| 020 | _a978-81-7245-494-4 | ||
| 050 |
_aQC 5 _b.Ad19 2012 |
||
| 100 | _aAdams, Patric | ||
| 245 | 0 | 0 | _aDictionary of physics |
| 264 | 1 |
_aNew Delhi, India : _bGoodwill Publishing House, _c[2012] |
|
| 300 |
_a452 pages _billustrations _c23 cm. |
||
| 336 |
_atext _btxt _2rdacontent |
||
| 337 |
_aunmediated _bn _2rdamedia |
||
| 338 |
_avolume _bnc _2rdacarrier |
||
| 650 |
_aPhysics _vDictionaries |
||
| 700 |
_aD.S. Paul _eeditor |
||
| 700 |
_aNajmussehar _editor |
||
| 942 | _cREF | ||
| 999 |
_c11 _d11 |
||